[Event "SVE Seniors op 2nd"]
[Site "Eidelstedt"]
[Date "2019.08.05"]
[Round "7"]
[White "Blittkowsky, Ralf"]
[Black "Brueckner, Gerhard"]
[Result "0-1"]
[WhiteElo "1656"]
[BlackElo "1903"]
[PlyCount "90"]
[EventDate "2019.07.15"]
[EventType "swiss"]
[EventRounds "7"]
[EventCountry "GER"]
[SourceTitle "EXT 2020"]
[Source "ChessBase"]
[SourceDate "2019.10.17"]
[SourceVersion "1"]
[SourceVersionDate "2019.10.17"]
[SourceQuality "1"]

1. Nf3 e6 2. d4 d5 3. c4 Nf6 4. e3 Nc6 5. Nc3 Ne7 6. Be2 Ng6 7. Bd3 a6 8. 0-0 Be7 9. Qc2 Bd7 10. e4 dxc4 11. Bxc4 Rc8 12. Re1 b5 13. Bb3 c5 14. Qd1 c4 15. Bc2 b4 16. Na4 0-0 17. Be3 Ng4 18. Bd2 Qc7 19. h3 Nf6 20. Rc1 Rfd8 21. Bd3 Bb5 22. Bxc4 Qb7 23. Bxb5 axb5 24. Nc5 Bxc5 25. Rxc5 Rxc5 26. dxc5 Nxe4 27. Qc2 Nxd2 28. Nxd2 Nf4 29. Qe4 Qc7 30. Nb3 Rd5 31. h4 h6 32. g3 Nd3 33. Rd1 Nxf2 34. Kxf2 Rxd1 35. Qe2 Rd5 36. Qxb5 Rf5+ 37. Kg2 Qe5 38. Qd3 Qxb2+ 39. Kh3 Qxa2 40. Qd8+ Kh7 41. Qd3 g6 42. Nd4 Rxc5 43. Qf3 Qa7 44. Ne2 Qd7 45. Kg2 Qd5 0-1

[Event "Pinneberg-ch"]
[Site "Pinneberg"]
[Date "2017.10.12"]
[Round "6"]
[White "Said, Seyed Wieshman"]
[Black "Brueckner, Gerhard"]
[Result "1-0"]
[WhiteElo "1601"]
[BlackElo "1617"]
[PlyCount "87"]
[EventDate "2017.09.07"]
[EventType "swiss"]
[EventRounds "7"]
[EventCountry "GER"]
[SourceTitle "EXT 2019"]
[Source "ChessBase"]
[SourceDate "2018.10.10"]
[SourceVersion "1"]
[SourceVersionDate "2018.10.10"]
[SourceQuality "1"]

1. e4 e5 2. Nf3 f5 3. d4 fxe4 4. Nxe5 Nf6 5. Ng4 Be7 6. Bc4 c6 7. Nxf6+ Bxf6 8. c3 d5 9. Be2 0-0 10. 0-0 Na6 11. Be3 Nc7 12. Nd2 Qe8 13. Bg4 Ne6 14. Qe2 a5 15. Rae1 a4 16. f3 Ng5 17. Bxc8 Rxc8 18. Bxg5 Bxg5 19. fxe4 Bxd2 20. Rxf8+ Qxf8 21. Qxd2 dxe4 22. Rxe4 Qf5 23. Qe1 Qf7 24. Re7 Qg6 25. Rxb7 Rf8 26. Re7 Kh8 27. Re6 Qf7 28. a3 h6 29. Rxc6 Qb7 30. Rc4 Qxb2 31. Rxa4 Qc2 32. Rc4 Ra8 33. a4 Rb8 34. Rb4 Rc8 35. c4 Qg6 36. c5 Re8 37. Qd1 Qg5 38. h3 Qe3+ 39. Kh1 Qg3 40. Rb1 Qf2 41. c6 Re7 42. Qg1 Qf4 43. Rd1 Qe4 44. Rc1 1-0

[Event "Pinneberg-ch"]
[Site "Pinneberg"]
[Date "2016.10.06"]
[Round "6"]
[White "Lotfifar, Azadeh"]
[Black "Brueckner, Gerhard"]
[Result "0-1"]
[WhiteElo "1228"]
[BlackElo "1655"]
[PlyCount "65"]
[EventDate "2016.09.01"]
[EventType "swiss"]
[EventRounds "7"]
[EventCountry "GER"]
[SourceTitle "EXT 2018"]
[Source "ChessBase"]
[SourceDate "2017.10.13"]
[SourceVersion "1"]
[SourceVersionDate "2017.10.13"]
[SourceQuality "1"]

1. d4 Nf6 2. c4 c5 3. e3 d6 4. Nf3 Nc6 5. d5 Nb8 6. Nc3 e5 7. Qc2 Be7 8. Bd3 Na6 9. a3 Nc7 10. 0-0 a6 11. Bd2 Bd7 12. Rab1 b5 13. b4 bxc4 14. Bxc4 Nb5 15. Nxb5 axb5 16. Ba2 c4 17. Bc1 Nxd5 18. Bb2 Nf6 19. h3 Qc8 20. Rbd1 0-0 21. Bb1 g6 22. g4 Bxg4 23. hxg4 Qxg4+ 24. Kh2 Qxf3 25. Rg1 Ng4+ 26. Rxg4 Qxg4 27. Rg1 Qe6 28. f4 exf4 29. exf4 Bf6 30. Bxf6 Qxf6 31. f5 Rxa3 32. fxg6 Qh4+ 33. Kg2 0-1

[Event "Pinneberg-ch"]
[Site "Pinneberg"]
[Date "2015.09.03"]
[Round "2"]
[White "Homm, Marc Michael"]
[Black "Brueckner, Gerhard"]
[Result "1-0"]
[WhiteElo "1972"]
[BlackElo "1628"]
[PlyCount "49"]
[EventDate "2015.08.28"]
[EventType "swiss"]
[EventRounds "7"]
[EventCountry "GER"]
[SourceTitle "EXT 2017"]
[Source "ChessBase"]
[SourceDate "2016.10.25"]
[SourceVersion "1"]
[SourceVersionDate "2016.10.25"]
[SourceQuality "1"]

1. f4 e5 2. fxe5 d6 3. Nf3 dxe5 4. e4 Nc6 5. c3 Bg4 6. h3 Bd7 7. d4 exd4 8. cxd4 Qe7 9. Nc3 0-0-0 10. Be3 Nf6 11. Bd3 h6 12. Qe2 Nb4 13. 0-0-0 Nxd3+ 14. Qxd3 g5 15. d5 Ne8 16. Qd4 b6 17. d6 Nxd6 18. Qxh8 f6 19. Rxd6 Qxd6 20. Rd1 Qe7 21. Bd4 Bg7 22. Qh7 Qf7 23. e5 Rh8 24. Qe4 f5 25. Qa8# 1-0

[Event "Pinneberg op Seniors 16th"]
[Site "Pinneberg"]
[Date "2015.08.13"]
[Round "7"]
[White "Brueckner, Gerhard"]
[Black "Kock, Rudolf"]
[Result "1-0"]
[WhiteElo "1673"]
[BlackElo "1453"]
[PlyCount "61"]
[EventDate "2015.07.02"]
[EventType "swiss"]
[EventRounds "7"]
[EventCountry "GER"]
[SourceTitle "EXT 2017"]
[Source "ChessBase"]
[SourceDate "2016.10.25"]
[SourceVersion "1"]
[SourceVersionDate "2016.10.25"]
[SourceQuality "1"]

1. e4 c5 2. b4 b6 3. Bc4 e6 4. Bb2 Nc6 5. bxc5 bxc5 6. Nf3 Qb6 7. Bc3 Bb7 8. Na3 a5 9. Rb1 Nb4 10. 0-0 Bxe4 11. Re1 d5 12. Bb5+ Kd8 13. d3 Bf5 14. Ne5 Ne7 15. Nxf7+ Kc7 16. Nxh8 d4 17. Nf7 Bg6 18. Ng5 Nf5 19. Nxe6+ Kb7 20. Nxf8 Rxf8 21. Bd2 Qc7 22. Qf3+ Ka7 23. Bc4 Qd8 24. Nb5+ Kb6 25. a3 Ne3 26. Qg3 Nxc4 27. dxc4 Bxc2 28. axb4 cxb4 29. Re6+ Kc5 30. Qe5+ Kxc4 31. Nd6+ 1-0

[Event "Pinneberg op Seniors 15th"]
[Site "Pinneberg"]
[Date "2014.??.??"]
[Round "1"]
[White "Bobzin, Volker"]
[Black "Brueckner, Gerhard"]
[Result "1/2-1/2"]
[WhiteElo "1686"]
[BlackElo "1903"]
[PlyCount "52"]
[EventDate "2014.07.03"]
[EventType "swiss"]
[EventRounds "7"]
[EventCountry "GER"]
[SourceTitle "EXT 2017"]
[Source "ChessBase"]
[SourceDate "2016.10.25"]
[SourceVersion "1"]
[SourceVersionDate "2016.10.25"]
[SourceQuality "1"]

1. d4 c5 2. d5 d6 3. Bf4 e5 4. dxe6 fxe6 5. e3 Nf6 6. h3 Qb6 7. b3 Nd5 8. Bh2 Be7 9. c4 Bf6 10. cxd5 Bxa1 11. dxe6 Bxe6 12. Qxd6 Qxd6 13. Bxd6 Nd7 14. Nf3 Rc8 15. Bb5 a6 16. Bxd7+ Kxd7 17. Be5 Bxe5 18. Nxe5+ Kd6 19. Nc4+ Ke7 20. Ke2 b5 21. Nb2 c4 22. bxc4 bxc4 23. Nc3 Rhd8 24. Rd1 Rxd1 25. Nbxd1 Rc5 26. f3 Kd7 1/2-1/2

[Event "Pinneberg op Seniors 15th"]
[Site "Pinneberg"]
[Date "2014.??.??"]
[Round "7"]
[White "Brueckner, Gerhard"]
[Black "Cassens, Erhard Otto"]
[Result "1-0"]
[WhiteElo "1734"]
[BlackElo "1637"]
[PlyCount "89"]
[EventDate "2014.07.03"]
[EventType "swiss"]
[EventRounds "7"]
[EventCountry "GER"]
[SourceTitle "EXT 2017"]
[Source "ChessBase"]
[SourceDate "2016.10.25"]
[SourceVersion "1"]
[SourceVersionDate "2016.10.25"]
[SourceQuality "1"]

1. e4 e6 2. d4 d5 3. e5 c5 4. c3 Nc6 5. Nf3 Qb6 6. Bd3 Bd7 7. dxc5 Bxc5 8. 0-0 Qc7 9. Re1 Nge7 10. b4 Bb6 11. Na3 Ng6 12. Nb5 Qb8 13. Nd6+ Kf8 14. b5 Nd8 15. Ba3 Kg8 16. c4 a6 17. Bb2 Qa7 18. Rf1 Nf4 19. a4 Nxd3 20. Qxd3 Bc5 21. cxd5 Bxd6 22. exd6 exd5 23. Qxd5 Ne6 24. Ne5 Rd8 25. Nxd7 Rxd7 26. Qe5 h5 27. Kh1 Qc5 28. Qe2 a5 29. Rad1 Qb4 30. f4 Rh6 31. f5 Nf8 32. Qe5 Rf6 33. Bc3 Qa3 34. Qg3 Nh7 35. Bxf6 Qxg3 36. hxg3 Nxf6 37. Rfe1 Ng4 38. Rd2 f6 39. Re7 Ne5 40. Rxd7 Nxd7 41. Rc2 Kf8 42. Rc8+ Kf7 43. Rc7 Ke8 44. Rxb7 Ne5 45. Rxg7 1-0

[Event "Pinneberg-ch"]
[Site "Pinneberg"]
[Date "2014.??.??"]
[Round "3"]
[White "Brueckner, Gerhard"]
[Black "Zimmermann, Manfred"]
[Result "1/2-1/2"]
[WhiteElo "1722"]
[BlackElo "1490"]
[PlyCount "61"]
[EventDate "2014.08.21"]
[EventType "swiss"]
[EventRounds "7"]
[EventCountry "GER"]
[SourceTitle "EXT 2017"]
[Source "ChessBase"]
[SourceDate "2016.10.25"]
[SourceVersion "1"]
[SourceVersionDate "2016.10.25"]
[SourceQuality "1"]

1. e4 c5 2. b4 cxb4 3. a3 bxa3 4. Bxa3 d5 5. exd5 Qxd5 6. Nc3 Qd8 7. Bc4 Nf6 8. Nf3 Nc6 9. 0-0 e6 10. Bxf8 Kxf8 11. Re1 g6 12. d4 Kg7 13. Ne2 Nd5 14. Ng3 Nce7 15. Bb3 b5 16. c4 bxc4 17. Bxc4 Nb6 18. Bb3 Bb7 19. Ng5 Bd5 20. Bc2 h5 21. Qe2 Nc6 22. Qe3 Qf6 23. Rad1 Nc4 24. Qc1 Nd6 25. N3e4 Nxe4 26. Nxe4 Qd8 27. Qf4 a5 28. Ng5 Ra7 29. h4 Qc7 30. Qe3 Nd8 31. Rc1 1/2-1/2

[Event "Pinneberg op Seniors 14th"]
[Site "Pinneberg"]
[Date "2013.08.01"]
[Round "7"]
[White "Brueckner, Gerhard"]
[Black "Grothkopp, Dietrich"]
[Result "1-0"]
[WhiteElo "1733"]
[BlackElo "1666"]
[PlyCount "43"]
[EventDate "2013.06.20"]
[EventType "swiss"]
[EventRounds "7"]
[EventCountry "GER"]
[SourceTitle "EXT 2017"]
[Source "ChessBase"]
[SourceDate "2016.10.25"]
[SourceVersion "1"]
[SourceVersionDate "2016.10.25"]
[SourceQuality "1"]

1. e3 d5 2. d3 e5 3. Ne2 Bg4 4. Nd2 Bb4 5. c3 Be7 6. Qb3 b6 7. Ng3 Nf6 8. f3 Be6 9. Qd1 c5 10. Be2 Nc6 11. 0-0 Qc7 12. Nb3 0-0 13. Bd2 Nd7 14. Rc1 c4 15. Na1 b5 16. Nc2 a5 17. Qe1 Nc5 18. d4 Nd7 19. f4 exf4 20. exf4 f5 21. Bxc4 bxc4 22. Qxe6+ 1-0

[Event "Pinneberg-ch"]
[Site "Pinneberg"]
[Date "2012.09.27"]
[Round "7"]
[White "Chaichi Tehrani, Fereydoon"]
[Black "Brueckner, Gerhard"]
[Result "0-1"]
[WhiteElo "1252"]
[BlackElo "1903"]
[PlyCount "86"]
[EventDate "2012.08.16"]
[EventType "swiss"]
[EventRounds "7"]
[EventCountry "GER"]
[SourceTitle "EXT 2013"]
[Source "ChessBase"]
[SourceDate "2012.11.22"]
[SourceVersion "1"]
[SourceVersionDate "2012.11.22"]
[SourceQuality "1"]

1. e4 e6 2. c3 d6 3. Nf3 Ne7 4. d4 Ng6 5. c4 Be7 6. Nc3 Nd7 7. Be3 0-0 8. d5 e5 9. Qb3 a6 10. 0-0-0 b5 11. cxb5 axb5 12. Bxb5 Rb8 13. Qc2 Nc5 14. Bxc5 dxc5 15. h4 f5 16. h5 Nh8 17. Nxe5 Bg5+ 18. Kb1 fxe4 19. Nc6 Qf6 20. Nxb8 Bf5 21. Nd7 Bxd7 22. Bxd7 Qb6 23. Nxe4 Be7 24. Be6+ Nf7 25. f4 Kh8 26. Bxf7 Rxf7 27. g3 h6 28. Rhf1 c4 29. Qxc4 Rf8 30. Qc6 Qb4 31. d6 cxd6 32. Nxd6 Bf6 33. Rf2 Rb8 34. Qc2 Qa5 35. b3 Qxh5 36. Rh2 Qa5 37. Nf7+ Kg8 38. Nxh6+ gxh6 39. Qg6+ Bg7 40. Rxh6 Rxb3+ 41. axb3 Qa1+ 42. Kc2 Qc3+ 43. Kb1 Qb2# 0-1

[Event "Pinneberg-ch"]
[Site "Pinneberg"]
[Date "2012.08.30"]
[Round "3"]
[White "Kurzynsky, Mirko"]
[Black "Brueckner, Gerhard"]
[Result "1-0"]
[WhiteElo "1993"]
[BlackElo "1903"]
[PlyCount "117"]
[EventDate "2012.08.16"]
[EventType "swiss"]
[EventRounds "7"]
[EventCountry "GER"]
[SourceTitle "EXT 2013"]
[Source "ChessBase"]
[SourceDate "2012.11.22"]
[SourceVersion "1"]
[SourceVersionDate "2012.11.22"]
[SourceQuality "1"]

1. e4 e6 2. d4 d6 3. Nf3 Ne7 4. Bc4 Ng6 5. 0-0 Be7 6. Qe2 Nd7 7. Rd1 0-0 8. a4 a5 9. Bb3 c6 10. d5 exd5 11. exd5 c5 12. Nc3 Nf6 13. Bd2 Bg4 14. h3 Bf5 15. Re1 Qd7 16. g4 Bxg4 17. hxg4 Qxg4+ 18. Kh1 Qh3+ 19. Nh2 Ne5 20. Rg1 Rae8 21. f4 Ng6 22. Qg2 Qf5 23. Qg5 Qc8 24. Qg2 Bd8 25. Bc4 Re7 26. Bd3 c4 27. Bxg6 fxg6 28. Rae1 Ref7 29. Nb5 Qd7 30. Nd4 Bb6 31. Ne6 Bxg1 32. Nxf8 Rxf8 33. Rxg1 Qf5 34. Bxa5 Nxd5 35. Bd2 Nf6 36. Bc1 d5 37. Re1 Rd8 38. Nf3 Ne4 39. Ng5 Nf6 40. Qe2 Ne4 41. Nxe4 dxe4 42. Qxc4+ Kh8 43. Qxe4 Qh3+ 44. Kg1 Qg3+ 45. Kf1 Qh3+ 46. Qg2 Qd7 47. b3 Qf5 48. Qxb7 Qxc2 49. Qe7 Rg8 50. Qe6 Rf8 51. Kg1 Qc3 52. Qe3 Qc8 53. Bd2 h6 54. a5 Qg4+ 55. Kh2 g5 56. fxg5 Qh4+ 57. Kg2 Rd8 58. Bc3 Qg4+ 59. Qg3 1-0

[Event "Pinneberg op Seniors 13th"]
[Site "Pinneberg"]
[Date "2012.08.02"]
[Round "7"]
[White "Brueckner, Gerhard"]
[Black "Raedisch, Peter"]
[Result "1-0"]
[WhiteElo "1729"]
[BlackElo "1577"]
[PlyCount "105"]
[EventDate "2012.06.21"]
[EventType "swiss"]
[EventRounds "7"]
[EventCountry "GER"]
[SourceTitle "EXT 2013"]
[Source "ChessBase"]
[SourceDate "2012.11.22"]
[SourceVersion "1"]
[SourceVersionDate "2012.11.22"]
[SourceQuality "1"]

1. d3 e5 2. e3 d5 3. Ne2 Bc5 4. Ng3 Nc6 5. Be2 Be6 6. Nd2 a6 7. 0-0 Nf6 8. c3 h5 9. b4 h4 10. Nh1 Ba7 11. a4 Ne7 12. b5 a5 13. Nb3 Bb6 14. Ba3 Nd7 15. Rc1 Ng6 16. d4 Qg5 17. Re1 e4 18. Nd2 Bh3 19. Bf1 f5 20. f4 Qg4 21. Re2 Bxg2 22. Rxg2 Qxd1 23. Rxd1 Rh6 24. Rg5 0-0-0 25. Bh3 Ngf8 26. Bxf8 Nxf8 27. Bxf5+ Kb8 28. Rxg7 Ne6 29. Bxe6 Rxe6 30. Nf2 c5 31. Ng4 cxd4 32. cxd4 Rc8 33. f5 Ree8 34. f6 h3 35. Ne5 Rg8 36. Rf1 Bc7 37. Kh1 Bd6 38. Rxg8 Rxg8 39. f7 Rg2 40. f8Q+ Bxf8 41. Rxf8+ Kc7 42. Nf1 Ra2 43. Rf7+ Kc8 44. b6 Kd8 45. Rxb7 Rxa4 46. Rb8+ Ke7 47. b7 Ra1 48. Re8+ Kxe8 49. b8Q+ Ke7 50. Qc7+ Kf6 51. Qf7+ Kg5 52. Qf5+ Kh6 53. Qg6# 1-0

[Event "Pinneberg op Seniors 13th"]
[Site "Pinneberg"]
[Date "2012.07.12"]
[Round "4"]
[White "Berking, Bernhard"]
[Black "Brueckner, Gerhard"]
[Result "1/2-1/2"]
[WhiteElo "1499"]
[BlackElo "1729"]
[PlyCount "68"]
[EventDate "2012.06.21"]
[EventType "swiss"]
[EventRounds "7"]
[EventCountry "GER"]
[SourceTitle "EXT 2013"]
[Source "ChessBase"]
[SourceDate "2012.11.22"]
[SourceVersion "1"]
[SourceVersionDate "2012.11.22"]
[SourceQuality "1"]

1. c4 e6 2. Nc3 d6 3. g3 Ne7 4. Bg2 Nd7 5. Nf3 Ng6 6. 0-0 Be7 7. d3 c6 8. a3 0-0 9. b4 f5 10. e3 Nf6 11. Bb2 Ng4 12. Qc2 Bd7 13. Ne2 Rc8 14. Rad1 e5 15. h3 Nf6 16. c5 Ne8 17. cxd6 Bxd6 18. Nd2 f4 19. Kh2 Qg5 20. Nf3 Qh5 21. e4 Rd8 22. d4 Nf6 23. dxe5 Nxe5 24. Bxe5 Bxe5 25. Nxe5 fxg3+ 26. fxg3 Qxe5 27. Rd4 Qh5 28. Nf4 Qe8 29. Re1 Bc8 30. Rxd8 Qxd8 31. Qc4+ Kh8 32. e5 Nd5 33. Nxd5 Be6 34. Rd1 Rf2 1/2-1/2

[Event "Pinneberg op Seniors 12th"]
[Site "Pinneberg"]
[Date "2011.07.14"]
[Round "5"]
[White "Cassens, Erhard Otto"]
[Black "Brueckner, Gerhard"]
[Result "0-1"]
[WhiteElo "1791"]
[BlackElo "1767"]
[PlyCount "54"]
[EventDate "2011.06.16"]
[EventType "swiss"]
[EventRounds "7"]
[EventCountry "GER"]
[SourceTitle "EXT 2012"]
[Source "ChessBase"]
[SourceDate "2011.11.24"]
[SourceVersion "1"]
[SourceVersionDate "2011.11.24"]
[SourceQuality "1"]

1. f4 e5 2. d3 exf4 3. Bxf4 Nf6 4. e4 d6 5. Be2 Nc6 6. c3 Ne5 7. Nd2 c6 8. Ngf3 Ng6 9. Bg5 Be7 10. Nb3 Qb6 11. h3 h6 12. Bxf6 Bxf6 13. Qd2 Nh4 14. Kf1 a5 15. Nxh4 Bxh4 16. Bf3 0-0 17. Nd4 f5 18. exf5 Bxf5 19. Nxf5 Rxf5 20. d4 Raf8 21. Ke2 a4 22. Rhf1 Qb5+ 23. Qd3 Qxb2+ 24. Qd2 Qb5+ 25. Qd3 Re8+ 26. Kd2 Qb2+ 27. Qc2 Bg5+ 0-1

[Event "Pinneberg op Seniors 10th"]
[Site "Pinneberg"]
[Date "2009.07.16"]
[Round "4"]
[White "Himmelstaub, Werner"]
[Black "Brueckner, Gerhard"]
[Result "0-1"]
[WhiteElo "1582"]
[BlackElo "1807"]
[PlyCount "44"]
[EventDate "2009.06.25"]
[EventType "swiss"]
[EventRounds "4"]
[EventCountry "GER"]
[SourceTitle "EXT 2011"]
[Source "ChessBase"]
[SourceDate "2010.11.26"]
[SourceVersion "1"]
[SourceVersionDate "2010.11.26"]
[SourceQuality "1"]

1. e4 e5 2. Nf3 Nf6 3. Nc3 Bb4 4. d4 Nxe4 5. Qd3 d5 6. Nxe5 0-0 7. Be2 b6 8. 0-0 Nxc3 9. bxc3 Ba6 10. c4 f6 11. Qb3 fxe5 12. Qxb4 exd4 13. Bb2 c5 14. Qb3 Nd7 15. Rae1 dxc4 16. Bxc4+ Bxc4 17. Qxc4+ Kh8 18. Bc1 Qf6 19. Qd5 Qf7 20. Qd6 Nf6 21. Re7 Qg6 22. Qd7 Nxd7 0-1

[Event "Hamburg-ch Seniors op 15th"]
[Site "Hamburg"]
[Date "2008.11.03"]
[Round "8"]
[White "Brueckner, Gerhard"]
[Black "Bahr, Peter"]
[Result "1/2-1/2"]
[WhiteElo "1839"]
[BlackElo "1827"]
[PlyCount "109"]
[EventDate "2008.10.27"]
[EventType "swiss"]
[EventRounds "9"]
[EventCountry "GER"]
[SourceTitle "EXT 2022"]
[Source "ChessBase"]
[SourceDate "2021.10.06"]
[SourceVersion "1"]
[SourceVersionDate "2021.10.06"]
[SourceQuality "1"]

1. e4 c5 2. d4 cxd4 3. c3 d5 4. e5 dxc3 5. Nxc3 e6 6. Nf3 a6 7. Bd3 Ne7 8. 0-0 Ng6 9. h4 Nxh4 10. Qa4+ Nc6 11. Qxh4 Qxh4 12. Nxh4 Nxe5 13. Be2 Be7 14. Nf3 Nc6 15. Re1 0-0 16. Bd1 Bf6 17. Na4 e5 18. Nb6 Rb8 19. Nxc8 Rbxc8 20. Bb3 Rcd8 21. Bg5 Bxg5 22. Nxg5 h6 23. Nf3 e4 24. Nd2 Rfe8 25. Rad1 Nd4 26. Nf1 Nxb3 27. axb3 g6 28. Rd4 f5 29. Ne3 Kf7 30. Red1 Rd7 31. Rxd5 Rde7 32. Nc4 Kf6 33. Nd6 Rf8 34. Nc4 Kg5 35. Kh2 Rf6 36. g3 b5 37. Ne3 Ree6 38. Rd7 h5 39. Nd5 Rf8 40. Nf4 Rc6 41. R1d6 Rf6 42. Rxf6 Kxf6 43. Kg2 Kg5 44. Rd2 h4 45. Ne2 Kg4 46. gxh4 Kxh4 47. Nd4 Rf6 48. Rd1 Kg5 49. Rf1 Rd6 50. f4+ Kg4 51. Rd1 Rd8 52. Kf2 Rh8 53. Rg1+ Kxf4 54. Ne2+ Ke5 55. Rxg6 1/2-1/2